| 000 | 00688nam a22002177a 4500 | ||
|---|---|---|---|
| 003 | NUST | ||
| 005 | 20240627111302.0 | ||
| 008 | 170309b xxu||||| |||| 00| 0 eng d | ||
| 040 | _c0 | ||
| 082 | _a200 | ||
| 100 |
_aAsma Saeed _9123842 |
||
| 245 |
_aMicrobial Evaluation And Validation Of Biomarkers For Environmental Contaminants/ _cAsma Saeed |
||
| 260 |
_aIslamabad; _bIESE (SCEE) NUST; _c2016. |
||
| 300 |
_a131 p. _bHB. |
||
| 440 |
_aPhD-Environmental Engineering _91729 |
||
| 500 | _aThesis PhD EE | ||
| 650 |
_aEnvironmental Engineering _91550 |
||
| 700 | _4Supervisor:Dr. Imran Hashmi | ||
| 856 | _uhttp://10.250.8.41:8080/xmlui/handle/123456789/3038 | ||
| 942 |
_2ddc _cSC |
||
| 999 |
_c233604 _d233604 |
||